000 01038nam a22002657a 4500
005 20240530110454.0
008 150420s2010 ua ao g 000 0 ara d
017 _a2010/10114
_bمصر . دار الكتب المصرية
020 _a97899774276088
040 _aEG-CaGPL
041 1 _aara
_hfre
082 0 4 _221
_a923
_bق/م ع
100 0 _aمحمد سلماوى
245 1 0 _aعشر برديات مصرية :
_bتاملات قصصية من وحى التاريخ /
_cمحمد سلماوى ؛ لوحات رضا عبدالرحمن
246 1 _aDix Papyrus e'gyptiens /
250 _aط1
260 _aالقاهرة :
_bالدار المصرية اللبنانية ،
_c2010.
300 _a83 + 83 ص :
_bصور ؛
_c19 سم.
500 _aيحتوى على نص باللغة الفرنسية
650 0 4 _aالحضارة المصرية القديمة .
651 0 4 _aمصر القديمة
_xتاريخ
700 1 _aرضا عبدالرحمن
_eرسام
942 _2ddc
_cBK
999 _c61318
_d61318